[Event "6th EICC"]
[Site "Warsaw POL"]
[Date "2005.06.21"]
[Round "4"]
[White "Kuljasevic,D"]
[Black "Romanishin,O"]
[Result "1/2-1/2"]
[WhiteElo "2408"]
[BlackElo "2559"]
[EventDate "2005.06.18"]

1. d4 d5 2. c4 dxc4 3. Nf3 Nf6 4. e3 Bg4 5. Bxc4 e6 6. Nc3 a6 7. h3 Bh5 8.
O-O Nc6 9. Be2 Bd6 10. b3 O-O 11. Bb2 Qe8 12. Nd2 Bg6 13. Nc4 Bb4 14. Bf3
Rd8 15. Qe2 Nd5 16. Ne4 b5 17. Ne5 f5 18. Nc3 Nxe5 19. Bxd5 Bxc3 20. Bxc3
Rxd5 21. dxe5 Qe7 22. Rfd1 Rfd8 23. b4 Be8 24. a3 Rxd1+ 25. Rxd1 Rxd1+ 26.
Qxd1 Bc6 27. f3 Qd7 1/2-1/2

[Event "6th EICC"]
[Site "Warsaw POL"]
[Date "2005.06.21"]
[Round "4"]
[White "Gajewski,G"]
[Black "Nijboer,F"]
[Result "1/2-1/2"]
[WhiteElo "2396"]
[BlackElo "2553"]
[EventDate "2005.06.18"]

1. Nf3 Nf6 2. d4 g6 3. g3 Bg7 4. Bg2 O-O 5. O-O d6 6. c4 Nc6 7. Nc3 Rb8 8.
h3 a6 9. e4 b5 10. e5 dxe5 11. dxe5 Qxd1 12. Rxd1 Nd7 13. e6 fxe6 14. cxb5
axb5 15. Bf4 b4 16. Na4 Nb6 17. Nxb6 Rxb6 18. Bxc7 Ra6 19. Rd2 Bh6 20. Re2
Rxf3 21. Bxf3 Nd4 22. Bg4 Nxe2+ 23. Bxe2 Rc6 24. Be5 Bg7 25. Bxg7 Kxg7 26.
a4 Rc2 27. Bf1 Rxb2 28. a5 b3 29. Bc4 Kf6 30. h4 Ke5 31. a6 Ra2 32. Rxa2
bxa2 33. Bxa2 Bxa6 34. f3 Bb7 35. Kf2 Bd5 36. Bb1 Kd4 37. h5 gxh5 38. Bxh7
e5 1/2-1/2

[Event "6th EICC"]
[Site "Warsaw POL"]
[Date "2005.06.21"]
[Round "4"]
[White "Perunovic,Mil"]
[Black "Moranda,W"]
[Result "1/2-1/2"]
[WhiteElo "2549"]
[BlackElo "2452"]
[EventDate "2005.06.18"]

1. e4 c5 2. Nf3 d6 3. d4 cxd4 4. Nxd4 Nf6 5. Nc3 g6 6. Be3 Bg7 7. f3 O-O 8.
Qd2 Nc6 9. O-O-O d5 10. exd5 Nxd5 11. Nxc6 bxc6 12. Bd4 e5 13. Bc5 Be6 14.
Ne4 Re8 15. h4 Nf4 16. Qe1 Bd5 17. Ba3 Qb6 18. g3 Ne6 19. h5 Nd4 20. hxg6
fxg6 21. Bc5 Qc7 22. c3 Ne6 23. Bd6 Qa5 24. Ba3 Bxa2 25. Rd7 Rad8 26. Qd2
h5 27. Bh3 Nf8 28. Bb4 Qb6 29. Bc5 Qb8 30. Bd6 Qb6 31. Rxg7+ Kxg7 32. Qg5
Nh7 33. Bxe5+ Kf7 34. Qh6 Rxe5 35. Qxh7+ Kf8 36. Qh8+ Bg8 37. Qh6+ Ke8 38.
Re1 Qa5 39. Qxg6+ Bf7 40. Qxc6+ Kf8 41. Qh6+ Ke7 42. Qf6+ Kf8 1/2-1/2

[Event "6th EICC"]
[Site "Warsaw POL"]
[Date "2005.06.21"]
[Round "4"]
[White "Sulskis,S"]
[Black "Dziuba,M"]
[Result "1-0"]
[WhiteElo "2545"]
[BlackElo "2429"]
[EventDate "2005.06.18"]

1. e4 c6 2. c4 e5 3. Nf3 d6 4. d4 Nd7 5. Nc3 Ngf6 6. Be2 Be7 7. O-O O-O 8.
Re1 a6 9. d5 c5 10. a3 Ne8 11. b4 b6 12. Rb1 g6 13. Bh6 Ng7 14. Rb2 Nf6 15.
h3 Kh8 16. Bf1 Ng8 17. Be3 f5 18. bxc5 bxc5 19. Bxc5 dxc5 20. Nxe5 fxe4 21.
Nxe4 Bd6 22. Nxd6 Qxd6 23. g4 Ra7 24. Qb3 Nf6 25. Qb6 Qxb6 26. Rxb6 Kg8 27.
Rc6 Nd7 28. Nd3 a5 29. Re7 Rb7 30. d6 Rd8 31. Bg2 Ne8 32. Rxc8 Rb1+ 33. Kh2
Rxc8 34. Rxd7 Nf6 35. Rc7 Rd8 36. Nxc5 Rxd6 37. g5 Ne8 38. Re7 Kf8 39. Rxh7
Ng7 40. Bd5 Rb2 41. Kg2 Nf5 42. Ne4 Rdb6 43. c5 Rb8 44. Rf7+ Ke8 45. c6 1-0

[Event "6th EICC"]
[Site "Warsaw POL"]
[Date "2005.06.21"]
[Round "4"]
[White "Tazbir,M"]
[Black "Gdanski,J"]
[Result "1/2-1/2"]
[WhiteElo "2322"]
[BlackElo "2544"]
[EventDate "2005.06.18"]

1. e4 e6 2. d4 d5 3. Nc3 Bb4 4. e5 Ne7 5. a3 Bxc3+ 6. bxc3 c5 7. h4 Qa5 8.
Bd2 Nbc6 9. h5 Bd7 10. a4 O-O-O 11. Bd3 c4 12. Be2 f6 13. f4 Nf5 14. Rh3
Rdf8 15. Nf3 Nh6 16. Kf1 Ne7 17. Kg1 Bxa4 18. Bc1 Re8 19. Qd2 Nc6 20. Nh4
b5 21. Ba3 Nf7 22. g4 Qd8 23. Nf3 Rhg8 24. g5 Ne7 25. Kh1 Nf5 26. Rg1 Kb7
27. Bd1 Qd7 28. Nh2 fxg5 29. fxg5 h6 30. Nf3 hxg5 31. Nxg5 Rh8 32. Kh2 Rh6
33. Rg2 Reh8 34. Bg4 Nxg5 35. Qxg5 Kc6 36. Bxf5 exf5 37. Qxg7 Qxg7 38. Rxg7
f4 39. Kg2 Bxc2 40. Kf3 Bf5 41. Rh2 Rxh5 42. Rxh5 Rxh5 43. Kxf4 Rh7 44.
Rxh7 Bxh7 45. e6 Bg6 46. Bb4 Be8 47. Ke5 Bh5 48. Ba5 Be8 49. Kf6 Bh5 50.
Ke5 Be8 1/2-1/2

[Event "6th EICC"]
[Site "Warsaw POL"]
[Date "2005.06.21"]
[Round "4"]
[White "Stoma,P"]
[Black "Wells,P"]
[Result "1/2-1/2"]
[WhiteElo "2295"]
[BlackElo "2525"]
[EventDate "2005.06.18"]

1. e4 c5 2. Nc3 Nc6 3. Nf3 d6 4. d4 cxd4 5. Nxd4 Nf6 6. g3 g6 7. Nde2 Bg7
8. Bg2 O-O 9. O-O Rb8 10. a4 a6 11. Nd5 Nd7 12. c3 Nc5 13. b4 Nd7 14. b5
Nce5 15. Nd4 axb5 16. axb5 Nb6 17. Qe2 Bd7 18. Rb1 Ra8 19. Kh1 Nxd5 20.
exd5 Qa5 21. f4 Bg4 22. Qe4 Nd7 23. h3 Nc5 24. Qxe7 Qxc3 25. Bb2 Qxg3 26.
hxg4 Rfe8 27. Qg5 f6 28. Nf5 gxf5 29. Bxf6 Qxg4 30. Bxg7 Qxg5 31. fxg5 Kxg7
32. Rxf5 Rf8 33. Rbf1 Rxf5 34. Rxf5 Rf8 35. Rxf8 Kxf8 36. Kh2 Na4 37. Bf1
Nb6 38. Bg2 Na4 39. Bf1 Nb6 40. Bg2 Kg7 41. Kg3 Na4 42. Bf1 h6 43. Kg4 hxg5
44. Kxg5 Kf7 45. Kf5 Ke7 46. Bd3 Nc5 47. Bc2 Nd7 48. Bd3 Nb6 49. Be4
1/2-1/2

[Event "6th EICC"]
[Site "Warsaw POL"]
[Date "2005.06.21"]
[Round "4"]
[White "Pavasovic,D"]
[Black "Kopczynski,M"]
[Result "1-0"]
[WhiteElo "2593"]
[BlackElo "2150"]
[EventDate "2005.06.18"]

1. e4 c5 2. c3 d5 3. exd5 Qxd5 4. d4 Nf6 5. Nf3 e6 6. Be2 cxd4 7. cxd4 Bb4+
8. Nc3 Bxc3+ 9. bxc3 O-O 10. O-O b6 11. Ba3 Rd8 12. Ne5 Ne4 13. Bh5 f6 14.
Bf3 f5 15. Re1 Nd7 16. c4 Qb7 17. Ng4 Qa6 18. Bxe4 fxe4 19. Qb3 Bb7 20.
Rac1 Nf8 21. Bxf8 Rxf8 22. Ne3 Rad8 23. Red1 Kh8 24. d5 exd5 25. cxd5 Rd6
26. Rc7 Bc8 27. Qb2 Bd7 28. Qb4 Rdf6 29. Rxd7 Rxf2 30. Qe7 Rg8 31. Kxf2
Qxa2+ 32. Kg1 Qe2 33. Qg5 1-0

[Event "6th EICC"]
[Site "Warsaw POL"]
[Date "2005.06.21"]
[Round "4"]
[White "Szoen,D"]
[Black "Fedorchuk,S"]
[Result "0-1"]
[WhiteElo "2444"]
[BlackElo "2577"]
[EventDate "2005.06.18"]

1. e4 c5 2. Nc3 a6 3. Nf3 d6 4. d4 cxd4 5. Nxd4 Nf6 6. Be2 e6 7. O-O Nbd7
8. f4 b5 9. Bf3 Bb7 10. Re1 Rc8 11. Kh1 Qc7 12. a3 Be7 13. g4 h6 14. Re2 g5
15. f5 e5 16. Nb3 h5 17. gxh5 g4 18. Bg2 Nxh5 19. Kg1 Nf4 20. Re3 Qb6 21.
Kh1 Nf6 22. Qe1 d5 0-1

[Event "6th EICC"]
[Site "Warsaw POL"]
[Date "2005.06.21"]
[Round "4"]
[White "Romanov,E"]
[Black "Gouliev,N"]
[Result "1-0"]
[WhiteElo "2437"]
[BlackElo "2526"]
[EventDate "2005.06.18"]

1. e4 c5 2. Nf3 d6 3. d4 cxd4 4. Nxd4 Nf6 5. Nc3 a6 6. h3 e5 7. Nde2 Be6 8.
g4 h6 9. Bg2 Nbd7 10. O-O Be7 11. Ng3 g6 12. Nd5 h5 13. g5 Nxd5 14. exd5
Bf5 15. f4 exf4 16. Nxf5 gxf5 17. Qd4 Rg8 18. Bxf4 f6 19. Rae1 Ne5 20. Qd1
Kd7 21. gxf6 Bxf6 22. Qxh5 Kc7 23. Qxf5 Qe7 24. Re3 Raf8 25. Qe6 Qd8 26.
Rc3+ Kb8 27. Rg3 Ka8 28. Rxg8 Rxg8 29. Kh1 Bh8 30. b3 Re8 31. Qf5 Qa5 32.
Be3 Bg7 33. Qg5 Qc3 34. Bg1 Nd7 35. Qg6 Rh8 36. Rf3 Qa1 37. Qxd6 Bd4 38.
Rf1 Qc3 39. Qxd7 Bxg1 40. d6 1-0

[Event "6th EICC"]
[Site "Warsaw POL"]
[Date "2005.06.21"]
[Round "4"]
[White "Guseinov,El"]
[Black "Zelcic,R"]
[Result "1-0"]
[WhiteElo "2391"]
[BlackElo "2514"]
[EventDate "2005.06.18"]

1. Nf3 Nf6 2. c4 e6 3. b3 d5 4. Bb2 Be7 5. e3 O-O 6. Be2 c5 7. O-O Nc6 8.
d4 dxc4 9. bxc4 b6 10. Ne5 Nxe5 11. dxe5 Nd7 12. Nd2 Qc7 13. f4 Bb7 14. Bf3
Rfd8 15. Qc2 Bxf3 16. Rxf3 Nf8 17. Nf1 Ng6 18. e4 Rd7 19. Bc3 Rad8 20. a4
Bf8 21. Ng3 Ne7 22. Nh5 Nc6 23. Rg3 Nd4 24. Qd1 Kh8 25. Qg4 g6 26. Nf6 Bg7
27. Re1 Nc2 28. Rh3 Bxf6 29. exf6 Nxe1 30. Rxh7+ Kxh7 31. Qh4+ Kg8 32. Qh6
Nf3+ 33. gxf3 1-0

[Event "6th EICC"]
[Site "Warsaw POL"]
[Date "2005.06.21"]
[Round "4"]
[White "Frolyanov,D"]
[Black "Warakomski,T"]
[Result "1/2-1/2"]
[WhiteElo "2505"]
[BlackElo "2384"]
[EventDate "2005.06.18"]

1. e4 e5 2. Nf3 Nc6 3. Bb5 a6 4. Ba4 Nf6 5. O-O Be7 6. Bxc6 dxc6 7. d3 Qd6
8. Nbd2 Be6 9. b3 Nd7 10. Bb2 O-O 11. h3 Bf6 12. Qe2 c5 13. Nc4 Bxc4 14.
dxc4 Nb8 15. Rad1 Qe7 16. Rd5 Nc6 17. c3 Rad8 18. Rfd1 Rd6 19. Ba3 b6 20.
b4 cxb4 21. cxb4 Rdd8 22. Qd3 b5 23. cxb5 axb5 24. Qxb5 Nd4 25. Nxd4 exd4
26. Qd3 Rxd5 27. exd5 Ra8 28. Rc1 Bg5 29. Rb1 Qe5 30. Bb2 Qxd5 31. Qxd4
Qxd4 32. Bxd4 Rxa2 33. b5 Bf4 34. g3 Rd2 35. gxf4 Rxd4 36. Rc1 g6 37. f5
Rd5 38. f6 Rxb5 39. Rxc7 Rb8 40. Kg2 h5 41. Rc6 Rb5 42. Rc8+ Kh7 43. Rc7 g5
44. Rxf7+ Kg6 45. Rf8 Rf5 46. Rg8+ Kxf6 47. Rf8+ Kg6 48. Rg8+ 1/2-1/2

[Event "6th EICC"]
[Site "Warsaw POL"]
[Date "2005.06.21"]
[Round "4"]
[White "Urban,K"]
[Black "Dworakowska,J"]
[Result "1-0"]
[WhiteElo "2497"]
[BlackElo "2383"]
[EventDate "2005.06.18"]

1. d4 f5 2. c4 Nf6 3. Nc3 g6 4. Nh3 Bg7 5. Nf4 d6 6. d5 c6 7. h4 Ng4 8. e3
Na6 9. Be2 e5 10. dxe6 Ne5 11. e4 O-O 12. exf5 gxf5 13. Nh5 Bxe6 14. Nxg7
Kxg7 15. Bg5 Qd7 16. Qd2 Nf7 17. Bf4 Qe7 18. Rh3 Qf6 19. O-O-O Rfd8 20.
Rg3+ Kf8 21. Bh5 Rd7 22. Re1 Bxc4 23. Bxf7 Kxf7 24. Be5 dxe5 25. Qxd7+ Kf8
26. Rg5 Nc5 27. Qxf5 Qxf5 28. Rxf5+ Kg7 29. Re3 Re8 30. Kc2 Bf7 31. h5 Ne6
32. Rfxe5 Kf6 33. Kc1 Rd8 34. g4 Rd4 35. R5e4 Rd8 36. b4 h6 37. Re1 Ng5 38.
Rf4+ Kg7 39. Re7 1-0

[Event "6th EICC"]
[Site "Warsaw POL"]
[Date "2005.06.21"]
[Round "4"]
[White "Zawadzka,J"]
[Black "Zaja,I"]
[Result "1/2-1/2"]
[WhiteElo "2383"]
[BlackElo "2489"]
[EventDate "2005.06.18"]

1. e4 e6 2. d4 d5 3. Nc3 Bb4 4. e5 c5 5. a3 Ba5 6. b4 cxd4 7. Nb5 Bc7 8. f4
Bd7 9. Nf3 Bxb5 10. Bxb5+ Nc6 11. O-O Nge7 12. Bd3 a6 13. Kh1 Qd7 14. Bb2
Bb6 15. Qd2 Rc8 16. Rae1 Nf5 17. Bxf5 exf5 18. Re2 O-O 19. Rd1 Rfd8 20.
Nxd4 Bxd4 21. Bxd4 Nxd4 22. Qxd4 Rc4 23. Qxc4 dxc4 24. Rxd7 Rxd7 25. Kg1
Rd4 26. g3 Rd1+ 27. Kf2 Ra1 28. Rd2 Kf8 29. Rd8+ Ke7 30. Rb8 b5 31. Ke3
Rxa3+ 32. Kd4 g6 33. Rb7+ Kf8 34. Rb8+ Kg7 35. Rb7 Kf8 36. Rb8+ 1/2-1/2

[Event "6th EICC"]
[Site "Warsaw POL"]
[Date "2005.06.21"]
[Round "4"]
[White "Kovchan,A"]
[Black "Rutkowski,M"]
[Result "1-0"]
[WhiteElo "2488"]
[BlackElo "2346"]
[EventDate "2005.06.18"]

1. e4 c5 2. Nf3 Nc6 3. d4 cxd4 4. Nxd4 Nf6 5. Nc3 e5 6. Ndb5 d6 7. a4 a6 8.
Na3 Bg4 9. f3 Be6 10. Nc4 Nb4 11. Bg5 Rc8 12. Bxf6 gxf6 13. Nd5 Nxd5 14.
exd5 Bd7 15. Be2 f5 16. O-O Rg8 17. f4 b5 18. axb5 axb5 19. Na5 Qb6+ 20.
Kh1 e4 21. c3 Bh6 22. Nc6 Bxc6 23. dxc6 Qxc6 24. Qb3 Rb8 25. c4 Qd7 26.
cxb5 d5 27. b6 Qd6 28. b7 Bxf4 29. Ra6 Qe5 30. Qb4 d4 31. Bb5+ Kd8 32. Rxf4
Rxb7 33. Ra8+ 1-0

[Event "6th EICC"]
[Site "Warsaw POL"]
[Date "2005.06.21"]
[Round "4"]
[White "Asauskas,H"]
[Black "Cvitan,O"]
[Result "0-1"]
[WhiteElo "2357"]
[BlackElo "2481"]
[EventDate "2005.06.18"]

1. e4 c5 2. Nf3 e6 3. c3 Nf6 4. e5 Nd5 5. d4 cxd4 6. cxd4 d6 7. a3 Bd7 8.
Bd3 Bc6 9. O-O Nd7 10. b4 a6 11. Ng5 dxe5 12. Nxe6 fxe6 13. Qh5+ g6 14.
Bxg6+ hxg6 15. Qxg6+ Ke7 16. Bg5+ N7f6 17. dxe5 Kd7 18. exf6 Bd6 19. Qf7+
Kc8 20. Qxe6+ Qd7 21. Qxd7+ Kxd7 22. h4 Rag8 23. f4 Nxf4 24. Nd2 Rxh4 0-1

[Event "6th EICC"]
[Site "Warsaw POL"]
[Date "2005.06.21"]
[Round "4"]
[White "Maze,S"]
[Black "Erturan,Y"]
[Result "1-0"]
[WhiteElo "2470"]
[BlackElo "2277"]
[EventDate "2005.06.18"]

1. e4 e5 2. Nf3 Nc6 3. Bb5 a6 4. Bxc6 dxc6 5. O-O f6 6. d4 exd4 7. Nxd4 c5
8. Ne2 Qxd1 9. Rxd1 Bd7 10. Nbc3 O-O-O 11. Be3 Bd6 12. Nf4 Ne7 13. f3 b6
14. Rd2 f5 15. Rad1 g5 16. Nfd5 f4 17. Bf2 Nxd5 18. Nxd5 Be6 19. Nxb6+ cxb6
20. Rxd6 Bxa2 21. h4 h6 22. b4 cxb4 23. Rc6+ Kb7 24. Rxb6+ Kc7 25. Ra1 Bc4
26. Rxb4 1-0

[Event "6th EICC"]
[Site "Warsaw POL"]
[Date "2005.06.21"]
[Round "4"]
[White "Gluszko,T"]
[Black "Neubauer,M"]
[Result "0-1"]
[WhiteElo "1977"]
[BlackElo "2457"]
[EventDate "2005.06.18"]

1. e4 e6 2. d4 d5 3. Nc3 Nf6 4. Bg5 dxe4 5. Nxe4 Be7 6. Nxf6+ Bxf6 7. Bxf6
Qxf6 8. Nf3 c5 9. Bb5+ Bd7 10. Bxd7+ Nxd7 11. O-O cxd4 12. Qxd4 Qxd4 13.
Nxd4 Ke7 14. Rfe1 Rhd8 15. Rad1 g6 16. f3 Nb6 17. b3 Nd5 18. a4 Nc3 19. Rd3
Rac8 20. Kf2 a5 21. g3 Nd5 22. Re2 Nb4 23. Rdd2 Rd7 24. Ke3 e5 25. Kf2 Kf6
26. Nb5 Rxd2 27. Rxd2 Rxc2 28. Rxc2 Nxc2 29. Nd6 Nd4 30. Nxb7 Nxb3 31. Ke3
Ke6 32. f4 exf4+ 33. Kxf4 f6 34. Ke4 f5+ 35. Kf4 Kd7 36. Kg5 Kc7 37. Nxa5
Nxa5 38. Kh6 Kd6 39. Kxh7 g5 40. h4 gxh4 41. gxh4 f4 42. h5 f3 43. h6 f2
44. Kg7 f1=Q 45. h7 Qg2+ 46. Kf8 Qf3+ 47. Kg7 Qg4+ 48. Kf8 Qf5+ 49. Kg7
Qg5+ 50. Kf7 Qe7+ 51. Kg8 Ke6 0-1

[Event "6th EICC"]
[Site "Warsaw POL"]
[Date "2005.06.22"]
[Round "5"]
[White "Potkin,V"]
[Black "Eljanov,P"]
[Result "0-1"]
[WhiteElo "2552"]
[BlackElo "2641"]
[EventDate "2005.06.18"]

1. e4 c5 2. Nf3 Nc6 3. Bb5 e6 4. Bxc6 bxc6 5. d3 Ne7 6. Qe2 Ng6 7. h4 Qc7
8. h5 Nf4 9. Qd2 e5 10. Qc3 Nxg2+ 11. Kf1 Nf4 12. Bxf4 exf4 13. h6 Rg8 14.
e5 Ba6 15. Nbd2 O-O-O 16. Ne4 c4 17. dxc4 f5 18. Nd6+ Bxd6 19. exd6 Qxd6
20. hxg7 Rxg7 21. Qxg7 Bxc4+ 22. Kg1 Rg8 23. Qxg8+ Bxg8 24. Rh3 Bd5 25. Rd1
Qg6+ 26. Kh2 Bxf3 27. Rg1 Bg4 28. f3 Bxh3 0-1

[Event "6th EICC"]
[Site "Warsaw POL"]
[Date "2005.06.22"]
[Round "5"]
[White "Gritsak,O"]
[Black "Tazbir,M"]
[Result "1-0"]
[WhiteElo "2537"]
[BlackElo "2322"]
[EventDate "2005.06.18"]

1. Nf3 c5 2. c4 b6 3. g3 Bb7 4. Bg2 e6 5. O-O d6 6. Nc3 Nf6 7. d4 cxd4 8.
Qxd4 a6 9. Rd1 Nbd7 10. Ng5 Bxg2 11. Kxg2 Rc8 12. Nce4 h6 13. Nxf6+ Nxf6
14. Ne4 Nxe4 15. Qxe4 Qc7 16. b3 Be7 17. Bb2 Bf6 18. Bxf6 gxf6 19. Qh4 Ke7
20. Rd3 Qc5 21. Rad1 Rcd8 22. Re3 Qg5 23. Qe4 Rd7 24. a4 Rc8 25. f4 Qg8 26.
Rd5 Rc5 27. b4 Rxd5 28. cxd5 Rc7 29. dxe6 fxe6 30. Kf2 e5 31. Rd3 Qf7 32.
fxe5 fxe5+ 33. Rf3 Qg8 34. Qe3 b5 35. axb5 axb5 36. Qxh6 Kd7 37. h4 Qc4 38.
h5 e4 39. Rf4 Kc6 40. Qf8 Qxb4 41. Qe8+ Kd5 42. Rf5+ Kd4 43. Qxe4+ Kxe4 44.
Rf4+ Ke5 45. Rxb4 Rb7 46. g4 Kf6 47. Kg3 Re7 48. Rxb5 Rxe2 49. Rf5+ Kg7 50.
Kf4 Re8 51. Kg5 Re6 52. Rd5 Kf7 53. h6 Rg6+ 54. Kh5 Re6 55. Rf5+ Kg8 56. g5
Re1 57. Kg6 1-0

[Event "6th EICC"]
[Site "Warsaw POL"]
[Date "2005.06.22"]
[Round "5"]
[White "Asrian,K"]
[Black "Portisch,L"]
[Result "1-0"]
[WhiteElo "2611"]
[BlackElo "2525"]
[EventDate "2005.06.18"]

1. e4 c6 2. d4 d5 3. e5 Bf5 4. Nc3 Qb6 5. Nf3 e6 6. Be2 Nd7 7. O-O Ne7 8.
b3 a6 9. Be3 Bg4 10. Nh4 Bxe2 11. Nxe2 Ng6 12. Nf3 Be7 13. g3 c5 14. c3
cxd4 15. cxd4 Nb8 16. h4 h5 17. a3 Nc6 18. b4 a5 19. Qa4 O-O 20. b5 Na7 21.
Rfb1 Rfc8 22. Qd1 Qd8 23. Kg2 a4 24. Qxa4 Nc6 25. Qd1 Na5 26. a4 Nc4 27.
Bg5 f6 28. exf6 gxf6 29. Nf4 fxg5 30. Nxg6 g4 31. Nfe5 Bf6 32. Qe2 Qe8 33.
Rc1 Nd6 34. Qd2 Nf5 35. Rxc8 Rxc8 36. Re1 Ra8 37. Qd1 Nxd4 38. Nf4 Nf5 39.
Ned3 Qf7 40. Rxe6 Nd4 41. Ne5 Bxe5 42. Rxe5 Nf5 43. Rxd5 Re8 44. Rd8 Kg7
45. Rd5 Re1 46. Nxh5+ Kh7 47. Qd3 1-0

[Event "6th EICC"]
[Site "Warsaw POL"]
[Date "2005.06.22"]
[Round "5"]
[White "Lupulescu,C"]
[Black "Kempinski,R"]
[Result "1-0"]
[WhiteElo "2546"]
[BlackElo "2627"]
[EventDate "2005.06.18"]

1. e4 c5 2. Nf3 d6 3. d4 cxd4 4. Nxd4 Nf6 5. Nc3 a6 6. f3 e5 7. Nb3 Be6 8.
Be3 Be7 9. Qd2 O-O 10. O-O-O a5 11. Bb5 Na6 12. Qe2 Qb8 13. g4 Nc7 14. Ba4
Rd8 15. Bb6 Nd7 16. Be3 Ra6 17. Kb1 Nb6 18. Bxb6 Rxb6 19. Nxa5 Ra6 20. Nb3
Qa8 21. Bb5 Nxb5 22. Qxb5 Qa7 23. a3 Bd7 24. Qd3 Ra8 25. h4 h6 26. Nd5 Bd8
27. g5 h5 28. Rh2 Rc8 29. Rhd2 Kh7 30. f4 Bg4 31. Rf1 exf4 32. Rxf4 Kg8 33.
Rdf2 Be6 34. Qf3 b5 35. Qxh5 g6 36. Qh6 1-0

[Event "6th EICC"]
[Site "Warsaw POL"]
[Date "2005.06.22"]
[Round "5"]
[White "Balogh,C"]
[Black "Riazantsev,A"]
[Result "1/2-1/2"]
[WhiteElo "2531"]
[BlackElo "2608"]
[EventDate "2005.06.18"]

1. e4 c6 2. d4 d5 3. Nc3 dxe4 4. Nxe4 Bf5 5. Ng3 Bg6 6. h4 h6 7. Nf3 Nd7 8.
h5 Bh7 9. Bd3 Bxd3 10. Qxd3 e6 11. Bd2 Ngf6 12. O-O-O Be7 13. Ne4 Nxe4 14.
Qxe4 Nf6 15. Qe2 Qd5 16. c4 Qe4 17. Qxe4 Nxe4 18. Be3 O-O 19. Ne5 Rfd8 20.
Kc2 Rac8 21. g4 Bf6 22. f3 Nd6 23. b3 b5 24. c5 Ne8 25. Rhe1 Rd5 26. Bf2
Bxe5 27. dxe5 Nc7 28. Rxd5 Nxd5 29. Re4 g6 30. Be3 Kh7 31. Bd2 Rg8 1/2-1/2

[Event "6th EICC"]
[Site "Warsaw POL"]
[Date "2005.06.22"]
[Round "5"]
[White "Tiviakov,S"]
[Black "Neverov,V"]
[Result "1-0"]
[WhiteElo "2631"]
[BlackElo "2566"]
[EventDate "2005.06.18"]

1. e4 c5 2. c3 Nf6 3. e5 Nd5 4. Bc4 e6 5. d4 d6 6. exd6 cxd4 7. Bxd5 exd5
8. Qxd4 Qxd6 9. Ne2 Nc6 10. Qd3 Be6 11. Bf4 Qd7 12. Nd2 Be7 13. Nb3 O-O 14.
O-O Rfe8 15. Ned4 Nxd4 16. Nxd4 Bc5 17. Rfe1 Bg4 18. Be3 Bf8 19. h3 Bh5 20.
Qb5 Rad8 21. Qxd7 Rxd7 22. Nf5 a6 23. Bd4 Rxe1+ 24. Rxe1 f6 25. f3 Bg6 26.
Ne3 Kf7 27. Kf2 Bd3 28. Rd1 Bb5 29. Bb6 Bc6 30. Nf5 Bd6 31. g4 g6 32. Nxd6+
Rxd6 33. Bc5 Re6 34. h4 h5 35. gxh5 gxh5 36. Be3 1-0

[Event "6th EICC"]
[Site "Warsaw POL"]
[Date "2005.06.22"]
[Round "5"]
[White "Gdanski,J"]
[Black "Loeffler,S"]
[Result "1-0"]
[WhiteElo "2544"]
[BlackElo "2429"]
[EventDate "2005.06.18"]

1. e4 Nf6 2. e5 Nd5 3. d4 d6 4. Nf3 dxe5 5. Nxe5 c6 6. g3 Nd7 7. Nf3 N7f6
8. Bg2 Bf5 9. O-O e6 10. a3 Be7 11. c4 Nb6 12. Qb3 Qc8 13. a4 Nbd7 14. a5
Bd6 15. a6 bxa6 16. Nc3 O-O 17. c5 Bc7 18. Qc4 Nd5 19. Nh4 Bg4 20. Rxa6 Qb7
21. Re1 Nb8 22. Ra3 a5 23. Rb3 Qa7 24. h3 Bh5 25. Bd2 Na6 26. Nxd5 exd5 27.
Qa4 Rab8 28. Rxb8 Nxb8 29. Nf5 Qb7 30. Bxa5 Bg6 31. Ne7+ Kh8 32. Nxg6+ fxg6
33. Re7 Na6 34. Bb6 h5 35. Bf1 Qb8 36. Qxc6 Bxg3 37. Qxg6 Bxf2+ 38. Kg2
Bxd4 39. Qxh5+ 1-0

[Event "6th EICC"]
[Site "Warsaw POL"]
[Date "2005.06.22"]
[Round "5"]
[White "Jobava,Ba"]
[Black "Carlsen,M"]
[Result "1-0"]
[WhiteElo "2637"]
[BlackElo "2548"]
[EventDate "2005.06.18"]

1. d4 d5 2. c4 c6 3. Nc3 Nf6 4. Nf3 dxc4 5. a4 Bf5 6. Ne5 Nbd7 7. Nxc4 Qc7
8. g3 e5 9. dxe5 Nxe5 10. Bf4 Nfd7 11. Bg2 g5 12. Bxe5 Nxe5 13. Qd4 f6 14.
O-O-O Be6 15. f4 gxf4 16. gxf4 Nxc4 17. Qxf6 Bf7 18. Qxh8 Qxf4+ 19. Kb1
Bg6+ 20. Ka1 Ne3 21. Rd2 Nc2+ 22. Rxc2 Bxc2 23. Rf1 Qd6 24. Be4 Bb3 25. Nb5
cxb5 26. Bxb7 Rb8 27. Bc6+ Kd8 28. Qxf8+ Kc7 29. Qg7+ Kxc6 30. Qc3+ Kb6 31.
Qxb3 Ka5 32. Qc3+ Qb4 33. Qc7+ Rb6 34. Qxa7+ Ra6 35. Qc7+ Rb6 36. Rf4 Qb3
37. Qa7+ Ra6 38. Qc5 Rg6 39. axb5 1-0

[Event "6th EICC"]
[Site "Warsaw POL"]
[Date "2005.06.22"]
[Round "5"]
[White "Atakisi,U"]
[Black "Socko,B"]
[Result "1/2-1/2"]
[WhiteElo "2439"]
[BlackElo "2583"]
[EventDate "2005.06.18"]

1. d4 d5 2. Nf3 Nf6 3. c4 dxc4 4. e3 e6 5. Bxc4 c5 6. Nc3 a6 7. a4 Nc6 8.
O-O Be7 9. dxc5 Qxd1 10. Rxd1 Bxc5 11. Nd2 Bb4 12. Nde4 Nxe4 13. Nxe4 f5
14. Nc3 Rf8 15. Na2 Be7 16. Bd2 Bd7 17. Bc3 Bf6 18. Rd6 Bxc3 19. Nxc3 Ke7
20. Rad1 Rad8 21. f4 Bc8 22. Rxd8 Rxd8 23. Rxd8 Nxd8 24. Kf2 Kd6 25. b4 Nc6
26. b5 Na5 27. Ba2 Kc5 28. Ke2 Nc4 29. Kd3 axb5 30. Nxb5 Nb2+ 31. Kc2 Nxa4
32. Nc7 Kd6 33. Ne8+ Ke7 34. Nxg7 Nc5 35. Kc3 Ne4+ 36. Kd4 Nf6 37. h3 Kd6
38. Bc4 Bd7 39. Be2 Ng8 40. g4 Ne7 41. Bf3 Bc6 42. Bxc6 Nxc6+ 43. Kc4 fxg4
44. hxg4 e5 45. g5 exf4 46. exf4 Nd8 47. f5 Nf7 48. g6 Ne5+ 49. Kd4 Nxg6
50. Ne8+ Ke7 51. fxg6 hxg6 52. Nc7 Kd6 53. Ne8+ Kd7 54. Nf6+ Ke6 55. Nh7
Kd6 1/2-1/2

[Event "6th EICC"]
[Site "Warsaw POL"]
[Date "2005.06.22"]
[Round "5"]
[White "Lputian,S"]
[Black "Nataf,IA"]
[Result "0-1"]
[WhiteElo "2640"]
[BlackElo "2559"]
[EventDate "2005.06.18"]

1. d4 Nf6 2. c4 g6 3. Nc3 Bg7 4. e4 d6 5. Nf3 O-O 6. Be2 e5 7. O-O Nc6 8.
d5 Ne7 9. Nd2 a5 10. a3 Nd7 11. Rb1 f5 12. b4 Kh8 13. f3 axb4 14. axb4 c6
15. Kh1 Nf6 16. Nb3 cxd5 17. cxd5 f4 18. Na5 Nh5 19. Kg1 Bf6 20. Bd2 Bh4
21. Be1 Ng3 22. Rf2 Nxe2+ 23. Rxe2 Bxe1 24. Qxe1 g5 25. h3 Ng6 26. Nd1 h5
27. Nf2 Nh4 28. Rc2 g4 29. hxg4 hxg4 30. fxg4 Qg5 31. Rb3 Bxg4 32. Nxg4
Qxg4 33. Kh2 Rf7 34. Rh3 Rh7 35. Qf2 Rg8 36. Rcc3 Rgg7 37. Ra3 Nxg2 38.
Nxb7 Ne3 39. Ra8+ Rg8 40. Rxh7+ Kxh7 41. Rxg8 Qh5+ 42. Kg1 Kxg8 43. Qa2
Qg4+ 44. Kh1 Qh3+ 0-1

[Event "6th EICC"]
[Site "Warsaw POL"]
[Date "2005.06.22"]
[Round "5"]
[White "Baramidze,D"]
[Black "Gajewski,G"]
[Result "1-0"]
[WhiteElo "2542"]
[BlackElo "2396"]
[EventDate "2005.06.18"]

1. e4 e5 2. Nf3 Nc6 3. Bc4 Bc5 4. c3 Nf6 5. d3 d6 6. Nbd2 O-O 7. Bb3 d5 8.
Qe2 d4 9. O-O Re8 10. Rd1 Ng4 11. Rf1 Nf6 12. Ba4 Bd7 13. Nc4 Nb8 14. Bxd7
Nbxd7 15. Kh1 a5 16. a4 c6 17. cxd4 exd4 18. Qc2 Nf8 19. h3 Ne6 20. Ng5 Nh5
21. Qd1 g6 22. Qg4 b5 23. Nxe6 fxe6 24. Nd2 Bb4 25. Nf3 e5 26. Bg5 Qd6 27.
g3 Rab8 28. Kg2 Qe6 29. Rfc1 bxa4 30. Qxe6+ Rxe6 31. Rxa4 Rb5 32. Rc2 Nf6
33. Bxf6 Rxf6 34. h4 h5 35. Ng1 Bd6 36. Ra2 Rb3 37. Rxc6 Rxd3 38. Rxa5 Rd2
39. Nf3 Rd3 40. Ra8+ Kg7 41. Ra7+ Kg8 42. Rc8+ Bf8 43. Nxe5 Rd2 44. Nf3 Rd3
45. Ng5 Rd2 46. Nh3 Re2 47. Re8 d3 48. Rd7 Rxb2 49. Rxd3 Kf7 50. Rc8 Re2
51. Ng5+ Kg7 52. Rf3 1-0

[Event "6th EICC"]
[Site "Warsaw POL"]
[Date "2005.06.22"]
[Round "5"]
[White "Smirnov,P"]
[Black "Milov,V"]
[Result "0-1"]
[WhiteElo "2624"]
[BlackElo "2653"]
[EventDate "2005.06.18"]

1. e4 c5 2. Nf3 e6 3. d4 cxd4 4. Nxd4 a6 5. Bd3 Bc5 6. Nb3 Be7 7. Qg4 g6 8.
Qe2 d6 9. O-O Nd7 10. Na3 h5 11. f4 Qc7 12. Bd2 Ngf6 13. Kh1 h4 14. Rae1 e5
15. Nc4 h3 16. g3 b6 17. Qf3 Bb7 18. fxe5 dxe5 19. g4 Rh7 20. Ne3 Qc6 21.
Nd5 Nxd5 22. exd5 Qxd5 23. Be4 Qxe4 24. Rxe4 Nf6 25. Rfe1 Nxe4 26. Rxe4 f5
27. gxf5 Rh4 28. Kg1 Bxe4 29. Qg3 Bxf5 30. Qxe5 Rd8 31. Kf1 Re4 32. Qg7 Bh4
33. Qh8+ Kf7 34. Qh7+ Ke6 35. Qh6 Rd7 36. c3 Rf7 37. Be3 Kd7 38. Nd2 Rg4
39. Ke2 Re7 40. Kf3 Bf6 41. Qf8 Be5 42. Qa8 Bxh2 43. Qd5+ Bd6 44. c4 Rg3+
45. Kf2 Rgxe3 46. Qb7+ Kd8 47. Qd5 Kc7 0-1